Normal view
MARC view
Entry Personal Name
001 - CONTROL NUMBER
- control field: 561637
003 - CONTROL NUMBER IDENTIFIER
- control field: OSt
005 - DATE AND TIME OF LATEST TRANSACTION
- control field: 20220930192824.0
008 - FIXED-LENGTH DATA ELEMENTS
- fixed length control field: 220930|| aca||aabn | a|a d
040 ## - CATALOGING SOURCE
- Original cataloging agency: OSt
- Transcribing agency: OSt
100 ## - HEADING--PERSONAL NAME
- Personal name: Rao G. Mahender
670 ## - SOURCE DATA FOUND
- Source citation: Work cat.: (OSt)895677: Rao G. Mahender, Role of percutaneous fine-needle aspiration biopsy in the early diagnosis and management of muscule-skeletal tumours (A light and electron microscopic,cytologic, cytochemical histologic and histochemical study, 1986
